|
|
|
|
| LEADER |
00000nam0a2200000 4500 |
| 001 |
282666 |
| 005 |
20231101235523.0 |
| 035 |
|
|
|a (RuTPU)RU\TPU\book\306610
|
| 035 |
|
|
|a RU\TPU\book\59221
|
| 090 |
|
|
|a 282666
|
| 100 |
|
|
|a 20030929d1984 k y0rusy50 ca
|
| 101 |
0 |
|
|a rus
|
| 102 |
|
|
|a RU
|
| 105 |
|
|
|a a z 001zy
|
| 200 |
1 |
|
|a Минералогия алмаза
|f Ю. Л. Орлов
|g Академия наук СССР (АН СССР), Минералогический музей им. А. Е. Ферсмана ; отв. ред. Г. П. Барсанов
|
| 205 |
|
|
|a 2-е изд.
|
| 210 |
|
|
|a Москва
|c Наука
|d 1984
|
| 215 |
|
|
|a 264 с.
|c ил.
|
| 320 |
|
|
|a Библиогр.: с. 240-262
|
| 606 |
1 |
|
|a Алмазы
|x Минералогия
|2 stltpush
|3 (RuTPU)RU\TPU\subj\72273
|9 85837
|
| 610 |
1 |
|
|a геология
|
| 610 |
1 |
|
|a кристаллы
|
| 610 |
1 |
|
|a химический состав
|
| 610 |
1 |
|
|a структура
|
| 610 |
1 |
|
|a морфология
|
| 610 |
1 |
|
|a свойства
|
| 610 |
1 |
|
|a природа
|
| 610 |
1 |
|
|a фазовое состояние
|
| 610 |
1 |
|
|a генезис
|
| 610 |
1 |
|
|a дефекты
|
| 610 |
1 |
|
|a парагенезис
|
| 610 |
1 |
|
|a синтез
|
| 610 |
1 |
|
|a алмазы
|
| 675 |
|
|
|a 549.21
|v 3
|
| 700 |
|
1 |
|a Орлов
|b Ю. Л.
|g Юрий Леонидович
|
| 702 |
|
1 |
|a Барсанов
|b Г. П.
|4 340
|
| 712 |
0 |
2 |
|a Академия наук СССР (АН СССР)
|b Минералогический музей им. А. Е. Ферсмана
|c (Москва)
|c (1946-1991)
|2 stltpush
|3 (RuTPU)RU\TPU\col\13435
|
| 801 |
|
1 |
|a RU
|b 63413507
|c 20150202
|
| 801 |
|
2 |
|a RU
|b 63413507
|c 20220803
|g RCR
|
| 942 |
|
|
|c BK
|